|
|
|
|
| LEADER |
00000nam a2200000 a 4500 |
| 001 |
vtls001292777 |
| 003 |
SK-MaSNL |
| 005 |
20260301004637.0 |
| 008 |
240315s1997 xr e y cze |
| 020 |
|
|
|a 8085521814
|c b.c.
|
| 035 |
|
|
|a SNK000244526
|
| 035 |
|
|
|a urn:nbn:sk:snk-amtj6i
|
| 035 |
|
|
|a urn:nbn:sk:snk-am00c5mt
|
| 035 |
|
|
|a 7B74667C-AF7D-4857-BF37-B027B78DA95A
|
| 040 |
|
|
|a SNK
|b slo
|c SNK
|e AACR2
|
| 041 |
0 |
|
|a cze
|
| 044 |
|
|
|a CZ
|
| 080 |
|
|
|a 681.3:001.4=850
|2 1981
|
| 100 |
1 |
|
|a Claybourne, Anna,
|d 1969-
|4 aut
|9 150562
|
| 245 |
1 |
|
|a Počítačový slovník pro začátečníky
|c Anna Claybourneová ; [z anglického vydání přeložil Filip Janda]
|
| 260 |
|
|
|a Praha
|b Svojtka a Vašut
|c c1997
|e [Martin
|f Neografia]
|
| 300 |
|
|
|a 64 s.
|c 26 cm
|
| 650 |
0 |
7 |
|a počítače
|x terminológia česká
|x príručky
|2 SNK
|9 287775
|
| 919 |
|
|
|a 80-85521-81-4
|
| 999 |
|
|
|c 542713
|d 544643
|
| 952 |
|
|
|t P60, <03>, [BOOK], {603}
|a SNK
|b SNK
|y PREZ
|7 0
|p 17A0075849
|o snkSB 57354
|i snkKSP 7091/97
|0 0
|1 0
|4 0
|d 1997-07-03
|f 1
|l 0
|r 2025-04-09 00:00:00
|w 2026-02-23
|